Introductory methods of numerical analysis (Record no. 12040)

000 -LEADER
fixed length control field 00488nam a22001817a 4500
008 - FIXED-LENGTH DATA ELEMENTS--GENERAL INFORMATION
fixed length control field 220228b ||||| |||| 00| 0 eng d
020 ## - INTERNATIONAL STANDARD BOOK NUMBER
International Standard Book Number 9788120345928
082 00 - DEWEY DECIMAL CLASSIFICATION NUMBER
Classification number 519.4
Item number SAS
100 ## - MAIN ENTRY--PERSONAL NAME
Personal name Sastry, S.S.
245 ## - TITLE STATEMENT
Title Introductory methods of numerical analysis
250 ## - EDITION STATEMENT
Edition statement 5th Ed.
260 ## - PUBLICATION, DISTRIBUTION, ETC. (IMPRINT)
Place of publication, distribution, etc New Delhi
Name of publisher, distributor, etc PHI Learning Pvt. Ltd.
Date of publication, distribution, etc 2021
300 ## - PHYSICAL DESCRIPTION
Extent xiv, 450p.
650 ## - SUBJECT ADDED ENTRY--TOPICAL TERM
Topical term or geographic name as entry element Numerical analysis
650 ## - SUBJECT ADDED ENTRY--TOPICAL TERM
Topical term or geographic name as entry element Solution of algebraic
650 ## - SUBJECT ADDED ENTRY--TOPICAL TERM
Topical term or geographic name as entry element Numerical solution
942 ## - ADDED ENTRY ELEMENTS (KOHA)
Item type Books
Holdings
Withdrawn status Lost status Source of classification or shelving scheme Damaged status Not for loan Collection code Permanent location Current location Shelving location Date acquired Total Checkouts Total Renewals Full call number Barcode Checked out Date last seen Date last borrowed Koha item type Public note
          Non-fiction IMU-MPC Library IMU-MPC Library General Stacks 2022-02-28 2 2 519.4 SAS MPC6547 2025-04-01 2023-02-24 2023-02-24 Books New Arrival shelf
Copyright © 2021 Indian Maritime University, Mumbai Port Campus. All Rights Reserved. Managed & Maintained by Central Library, IMU-Mumbai

webs counters

Powered by Koha